Natural resource economics : an introduction /
Saved in:
| 主要作者: | |
|---|---|
| 格式: | 图书 |
| 出版: |
Boston, Mass. :
Irwin/McGraw-Hill,
c2001.
|
| 主题: | |
| 在线阅读: | http://www.loc.gov/catdir/description/mh021/00036976.html http://www.loc.gov/catdir/toc/mh021/00036976.html |
| 标签: |
添加标签
没有标签, 成为第一个标记此记录!
|
MARC
| LEADER | 00000cam a22000004a 4500 | ||
|---|---|---|---|
| 020 | |a 0072316772 (alk. paper) |c TZS113,964.40 | ||
| 040 | |a MU |b eng |e AACR | ||
| 082 | 0 | 0 | |a 333.7 FIE |
| 100 | 1 | |a Field, Barry C. | |
| 245 | 1 | 0 | |a Natural resource economics : |b an introduction / |c Barry C. Field. |
| 260 | |a Boston, Mass. : |b Irwin/McGraw-Hill, |c c2001. | ||
| 300 | |a xiv, 477 p. : |b ill. ; |c 23 cm. | ||
| 504 | |a Includes bibliographical references and indexes. | ||
| 650 | 0 | |a Natural resources. | |
| 650 | 0 | |a Environmental policy. | |
| 650 | 0 | |a Sustainable development. | |
| 856 | 4 | 2 | |u http://www.loc.gov/catdir/description/mh021/00036976.html |
| 856 | 4 | 1 | |u http://www.loc.gov/catdir/toc/mh021/00036976.html |
| 942 | |c BK | ||
| 999 | |c 9534 |d 9534 | ||